| 000 | 01169nam a2200313Ia 4500 | ||
|---|---|---|---|
| 001 | Para_9158 | ||
| 003 | CHAP | ||
| 008 | 220125s2006 xx 000 0 und d | ||
| 010 | _a207891 | ||
| 040 | _cCHAP | ||
| 090 | _aPA TESIS 1978 | ||
| 100 |
_aGaytán Mejía, Juan Ramón _947359 |
||
| 245 |
_aPatogenicidad, compatibilidad y fungicidas en Phytophthora capsici (Leo.) y evaluación de variedades de frijol ejotero a Phytophthora phaseoli (Thaxter) / _c por Juan Ramón Gaytán Mejía |
||
| 260 |
_aChapingo, Méx. : _b el autor |
||
| 300 | _ac.a. 94 h. + apénd. | ||
| 502 | _aTesis (M.C. Protección Vegetal). UACh. Departamento Parasitología Agrícola | ||
| 650 |
_aFrijol ejotero _x enfermedades por hongos _9174359 |
||
| 650 |
_aFrijol ejotero _x variedades resistentes a enfermedades _9174360 |
||
| 650 |
_aFungicidas _x análisis _944045 |
||
| 650 |
_aPhytophthora capsici _987920 |
||
| 710 |
_aUACh. Departamento Parasitología Agrícola _9164025 |
||
| 901 | _aPA TESIS 1978 | ||
| 902 | _aM | ||
| 905 | _a0000002006 an 0000000000 00 | ||
| 910 | _a2006 | ||
| 942 | _cPARA | ||
| 942 |
_cPARA _d2 |
||
| 999 |
_c207891 _d207891 |
||